Introducing property valuation (Record no. 110778)

MARC details
000 -LEADER
fixed length control field 02225cam a22002415a 4500
001 - CONTROL NUMBER
control field L150180
008 - FIXED-LENGTH DATA ELEMENTS--GENERAL INFORMATION
fixed length control field 100210s2009 xxk f 000 0 eng d
020 ## - INTERNATIONAL STANDARD BOOK NUMBER
International Standard Book Number 9780203876176
035 ## - SYSTEM CONTROL NUMBER
System control number (Sirsi) u150180
041 0# - LANGUAGE CODE
Language code of text/sound track or separate title eng
100 1# - MAIN ENTRY--PERSONAL NAME
Personal name Blackledge, Michael
245 00 - TITLE STATEMENT
Title Introducing property valuation
Medium [electronic resource]
260 ## - PUBLICATION, DISTRIBUTION, ETC.
Name of publisher, distributor, etc. Routledge Ltd
Date of publication, distribution, etc. 2009
300 ## - PHYSICAL DESCRIPTION
Extent eBook
505 2# - FORMATTED CONTENTS NOTE
Formatted contents note Part 1 Background -- 1 Economic context -- 2 The property valuation profession -- 3 Investment Part 2 Valuation mathematics -- 4 Compounding and discounting -- 5 Sinking funds and mortgages -- 6 Capitalisation -- 7 Alternative valuation tables and formulae -- Part 3 Valuation methods -- 8 Methods of measurement -- 9 RICS valuation standards: The Red Book -- 10 Comparison method -- 11 Investment method: traditional -- 12 Investment method: discounted cash flow -- 13 Residual method -- 14 Profits method -- 15 Cost methods -- Part 4 Applied valuations -- 16 Landlord and tenant valuations.
520 ## - SUMMARY, ETC.
Summary, etc. This comprehensive introduction to the concepts and methods of valuing real estate provides information for students to progress successfully from basic principles to a more sophisticated understanding of the subject. The book takes a practical rather than purely theoretical approach and demonstrates how the principles can be applied in professional practice with constant reference to the requirements of, and guidance provided by, the Royal Institution of Chartered Surveyors (RICS). The traditional five methods of valuation are briefly explained but concentration is on the practical application of the two main approaches; the comparison and investment methods. The alternative method of valuation of discounted cash flow, an area which has been neglected in other texts, is also covered. Further reading is given, along with a full range of worked examples, clear chapter summaries and further questions. Website companion material is also available.
590 ## - LOCAL NOTE (RLIN)
Local note ka ntk
650 24 - SUBJECT ADDED ENTRY--TOPICAL TERM
Topical term or geographic name entry element EBOOK
651 #4 - SUBJECT ADDED ENTRY--GEOGRAPHIC NAME
Geographic name International
690 ## - LOCAL SUBJECT ADDED ENTRY--TOPICAL TERM (OCLC, RLIN)
Topical term or geographic name as entry element PROPERTY-PROPERTY APPRAISAL AND VALUATION
856 ## - ELECTRONIC LOCATION AND ACCESS
Uniform Resource Identifier <a href="https://www.vlebooks.com/">https://www.vlebooks.com/</a>
Public note View on VLEbooks. Logins for members only from [email protected]
942 ## - ADDED ENTRY ELEMENTS (KOHA)
Suppress in OPAC 0
Source of classification or shelving scheme Dewey Decimal Classification
Holdings
Withdrawn status Lost status Source of classification or shelving scheme Damaged status Not for loan Home library Current library Shelving location Date acquired Total Checkouts Full call number Barcode Date last seen Copy number Price effective from Koha item type
    Dewey Decimal Classification     Virtual Virtual Online 10/06/2010   EBOOK 150180-2001 06/08/2019 1 06/08/2019 Book